The developing Common market (Record no. 63473)

MARC details
000 -LEADER
fixed length control field 00812nam a2200193 a 4500
008 - FIXED-LENGTH DATA ELEMENTS--GENERAL INFORMATION
fixed length control field 120416s1976 ||||||||||||||||| || u
050 ## - LIBRARY OF CONGRESS CALL NUMBER
Classification number HC 241.2 Pax
100 ## - MAIN ENTRY--PERSONAL NAME
Personal name Paxton, John
245 14 - TITLE STATEMENT
Title The developing Common market
246 ## -
-- the structure of the EEC in theory and practice
250 ## - EDITION STATEMENT
Edition statement 3rd ed.
260 ## - PUBLICATION, DISTRIBUTION, ETC.
Place of publication, distribution, etc. Boulder, Colo.
Name of publisher, distributor, etc. Westview Press
Date of publication, distribution, etc. 1976
300 ## - PHYSICAL DESCRIPTION
Extent ix, 240p. : ill.
350 ## -
-- 0.00
650 ## - SUBJECT ADDED ENTRY--TOPICAL TERM
Topical term or geographic name entry element EUROPEAN ECONOMIC COMMUNITY--DEVELOPMENT
650 ## - SUBJECT ADDED ENTRY--TOPICAL TERM
Topical term or geographic name entry element INDUSTRY
995 ## -
-- ANNEX COLLECTION (Main Library)
-- 0.00
-- 704114
-- CBU-MAIN LIBRARY (Kitwe)
-- 1
-- 0.00
-- HC 241.2 Pax
-- 1
-- AVAILABLE
-- 002822
-- Annex Low-Usage Collection
995 ## -
-- ANNEX COLLECTION (Main Library)
-- 0.00
-- 704113
-- CBU-MAIN LIBRARY (Kitwe)
-- 2
-- 0.00
-- HC 241.2 Pax
-- 2
-- AVAILABLE
-- 002821
-- Annex Low-Usage Collection
999 ## -
-- 63473
-- 63473
Holdings
Withdrawn status Lost status Source of classification or shelving scheme Damaged status Not for loan Permanent Location Current Location Date acquired Full call number Barcode Date last seen Price effective from Koha item type Shelving location Total Checkouts
Withdrawn         CBU-MAIN LIBRARY, KITWE. CBU-MAIN LIBRARY, KITWE. 12/24/2022 HC 241.2 Pax 002822 12/24/2022 12/24/2022 MONOGRAPH    
          CBU-MAIN LIBRARY, KITWE. CBU-MAIN LIBRARY, KITWE. 12/24/2022 HC 241.2 Pax 002821 12/24/2022 12/24/2022 MONOGRAPH